000 00593cam a22002171 4500
001 sa 68011919
003 DLC
005 20260227112605.0
008 890403s1967 io ac 000 0 dut
010 _asa 68011919
035 _a(OCoLC)23422871
040 _aDLC
_cMiU
_dDLC
042 _apremarc
043 _aa-io---
050 0 0 _aDS644.4
_b.P69
100 1 _aPrawotohadikusumo, Supolo,
_ecomp.
245 1 0 _aDari Orde Lama menudju Orde Baru.
260 _aDjakarta,
_bPantjuran Tudjuh
_c[1967.
300 _axiv, 430 p.
_billus., ports.
_c22 cm.
651 0 _aIndonesia
_xHistory
_y1966-
999 _c84185
_d84185